| 000 | 01449cam a22003011i 4500 | ||
|---|---|---|---|
| 003 | SA-RiAUC | ||
| 005 | 20250530161137.0 | ||
| 008 | 250528s2008____le g 000k0 ara c | ||
| 020 | _a9953348995 | ||
| 040 |
_aSA-RiKAPL _bara _cSA-RiAUC _erda |
||
| 082 | 0 | 4 |
_a227.1 _qSA-RiAUC |
| 090 |
_a227.1 _bا ب ن ت |
||
| 100 | 1 |
_aابن تيمية، أحمد بن عبد الحليم بن عبد السلام، _d661-728 هجري _eمؤلف. |
|
| 245 | 1 | 2 |
_aقلائد الجمان : _bقواعد وأصول تفسير القرآن / _cابن تيمية، القاسمي، السعدي ؛ جمعه ونسقه وخرج أحاديثه محمد بن رياض الأحمد. |
| 250 | _aالطبعة الأولى. | ||
| 264 | 1 |
_aبيروت : _bالمكتبة العصرية للنشر والتوزيع، _c2008 |
|
| 300 |
_a376 صفحة ؛ _c24 سم |
||
| 336 |
_aنص _btxt _2rdacontent _3كتاب |
||
| 337 |
_aبدون وسيط _bn _2rdamedia |
||
| 338 |
_aمجلد _bnc _2rdacarrier |
||
| 630 | 2 | 7 |
_aالقرآن _xتفسير _2aucut |
| 700 | 1 |
_aجمال الدين القاسمي، جمال الدين بن محمد سعيد بن قاسم، _d1283-1332 هجري _eمؤلف. |
|
| 700 | 1 |
_aالسعدي، عبد الرحمن بن ناصر بن عبد الله، _d1307-1376 هجري _eمؤلف. |
|
| 700 | 1 |
_aالأحمد، محمد بن رياض _eجامع. |
|
| 730 | 2 | 2 | _aالقرآن |
| 942 |
_2ddc _cBOOK _n0 |
||
| 949 |
_aSA-JeALM _d250528 _uosman123 _n1 |
||
| 999 |
_c8542 _d8542 |
||